<?xml version="1.0" encoding="UTF-8"?>
<record
    xmlns:xsi="http://www.w3.org/2001/XMLSchema-instance"
    xsi:schemaLocation="http://www.loc.gov/MARC21/slim http://www.loc.gov/standards/marcxml/schema/MARC21slim.xsd"
    xmlns="http://www.loc.gov/MARC21/slim">

  <leader>00781nam0a2200241   4500</leader>
  <controlfield tag="001">RU\NLR\BIBL_A\012062548</controlfield>
  <controlfield tag="005">20260407063831.0</controlfield>
  <datafield tag="035" ind1=" " ind2=" ">
    <subfield code="a">(NLR Aleph) 012062548</subfield>
  </datafield>
  <datafield tag="090" ind1=" " ind2=" ">
    <subfield code="a">13423487</subfield>
    <subfield code="c">13423487</subfield>
  </datafield>
  <datafield tag="100" ind1=" " ind2=" ">
    <subfield code="a">20190724d1956    |||y0rusy50      ca</subfield>
  </datafield>
  <datafield tag="101" ind1="0" ind2=" ">
    <subfield code="a">chv</subfield>
  </datafield>
  <datafield tag="102" ind1=" " ind2=" ">
    <subfield code="a">RU</subfield>
  </datafield>
  <datafield tag="105" ind1=" " ind2=" ">
    <subfield code="a">y   z   000 y</subfield>
  </datafield>
  <datafield tag="200" ind1="1" ind2=" ">
    <subfield code="a">&#x413;&#x43E;&#x442;&#x4D1;&#x440;&#x438; &#x43F;&#x440;&#x43E;&#x433;&#x440;&#x430;&#x43C;&#x43C;&#x4D1;&#x43D;&#x430; &#x43A;&#x440;&#x438;&#x442;&#x438;&#x43A;&#x43B;&#x435;&#x43D;&#x438;</subfield>
    <subfield code="f">&#x41A;. &#x41C;&#x430;&#x440;&#x43A;&#x441;</subfield>
  </datafield>
  <datafield tag="210" ind1=" " ind2=" ">
    <subfield code="a">&#x428;&#x443;&#x43F;&#x430;&#x448;&#x43A;&#x430;&#x440;</subfield>
    <subfield code="c">&#x427;&#x4D1;&#x432;&#x430;&#x448; &#x410;&#x421;&#x421;&#x420; &#x413;&#x43E;&#x441;. &#x418;&#x437;&#x434;-&#x432;&#x438;</subfield>
    <subfield code="d">1956</subfield>
  </datafield>
  <datafield tag="215" ind1=" " ind2=" ">
    <subfield code="a">43, [1] &#x441;.</subfield>
    <subfield code="d">20</subfield>
  </datafield>
  <datafield tag="541" ind1="1" ind2=" ">
    <subfield code="a">&#x41A;&#x440;&#x438;&#x442;&#x438;&#x43A;&#x430; &#x433;&#x43E;&#x442;&#x441;&#x43A;&#x43E;&#x439; &#x43F;&#x440;&#x43E;&#x433;&#x440;&#x430;&#x43C;&#x43C;&#x44B;</subfield>
    <subfield code="z">rus</subfield>
  </datafield>
  <datafield tag="686" ind1="1" ind2=" ">
    <subfield code="a">&#x410;13</subfield>
  </datafield>
  <datafield tag="700" ind1=" " ind2="1">
    <subfield code="4">070</subfield>
    <subfield code="8">rus</subfield>
    <subfield code="7">ca</subfield>
    <subfield code="a">&#x41C;&#x430;&#x440;&#x43A;&#x441;</subfield>
    <subfield code="b">&#x41A;.</subfield>
    <subfield code="f">1818-1883</subfield>
    <subfield code="g">&#x41A;&#x430;&#x440;&#x43B;</subfield>
    <subfield code="3">RU\NLR\AUTH\7713844</subfield>
    <subfield code="9">123526</subfield>
  </datafield>
  <datafield tag="852" ind1=" " ind2=" ">
    <subfield code="a">NLR</subfield>
    <subfield code="b">&#x41E;&#x41D;&#x41B;</subfield>
    <subfield code="j">&#x427;&#x443;&#x432;./2-1489</subfield>
  </datafield>
  <datafield tag="942" ind1=" " ind2=" ">
    <subfield code="c">BOOK</subfield>
  </datafield>
  <datafield tag="980" ind1=" " ind2=" ">
    <subfield code="a">NB</subfield>
  </datafield>
  <datafield tag="995" ind1=" " ind2=" ">
    <subfield code="5">2019-07-24</subfield>
    <subfield code="b">NLR01</subfield>
    <subfield code="c">NLR01</subfield>
    <subfield code="e">ONL</subfield>
    <subfield code="f">1-2409429</subfield>
    <subfield code="k">&#x41E;&#x41D;&#x41B; &#x427;&#x443;&#x432;./2-1489</subfield>
    <subfield code="o">0</subfield>
    <subfield code="r">BOOK</subfield>
    <subfield code="s">_21489</subfield>
  </datafield>
</record>
